Le mésozoïque saharien : 2e partie : Essai de synthèse des données des sondages algéro-tunisiens.Tome II (Record no. 40441)
[ view plain ]
| 000 -LEADER | |
|---|---|
| fixed length control field | 00706 a2200241 4500 |
| 037 ## - SOURCE OF ACQUISITION | |
| Source of stock number/acquisition | 1, Achat |
| 037 ## - SOURCE OF ACQUISITION | |
| Stock number | 18061 |
| 100 ## - VEDETTE PRINCIPALE - NOM DE PERSONNE | |
| Personal name | Busson, Georges |
| 100 ## - VEDETTE PRINCIPALE - NOM DE PERSONNE | |
| Language of a work | Fr. |
| 260 ## - PUBLICATION, DISTRIBUTION, ETC. (IMPRINT) | |
| Place of publication, distribution, etc | Paris |
| 260 ## - PUBLICATION, DISTRIBUTION, ETC. (IMPRINT) | |
| Name of publisher, distributor, etc | Centre national de la recherche scientifique |
| 245 ## - TITLE STATEMENT | |
| Title | Le mésozoïque saharien : 2e partie : Essai de synthèse des données des sondages algéro-tunisiens.Tome II |
| 260 ## - PUBLICATION, DISTRIBUTION, ETC. (IMPRINT) | |
| Date of publication, distribution, etc | 1970 |
| 300 ## - PHYSICAL DESCRIPTION | |
| Extent | 811 p. |
| 300 ## - PHYSICAL DESCRIPTION | |
| Other physical details | 27 cm. |
| 440 ## - SERIES STATEMENT/ADDED ENTRY--TITLE | |
| Number of part/section of a work | 11 |
| 440 ## - SERIES STATEMENT/ADDED ENTRY--TITLE | |
| Title | Centre de recherches sur les zones arides |
| 630 ## - SUBJECT ADDED ENTRY--UNIFORM TITLE | |
| Uniform title | 55 - Geologie, sciences géologiques et géophysiques. Météorologie |
| 650 ## - SUBJECT ADDED ENTRY--TOPICAL TERM | |
| Topical term or geographic name as entry element | 5 - SCIENCES EXACTES ET NATURELLES |
| 650 ## - SUBJECT ADDED ENTRY--TOPICAL TERM | |
| Topical term or geographic name as entry element | Géologie |
| Withdrawn status | Lost status | Damaged status | Not for loan | Location (home branch) | Sublocation or collection (holding branch) | Date acquired | Koha issues (times borrowed) | Koha full call number | Koha date last seen | Price effective from | Koha item type |
|---|---|---|---|---|---|---|---|---|---|---|---|
| Bibliothèque Universitaire Centrale | Bibliothèque Universitaire Centrale | 28/02/2009 | 551 BUS | 28/02/2009 | 28/02/2009 | Livre |